| 000 | 02182cam a22002054a 4500 | ||
|---|---|---|---|
| 005 | 20250605164019.0 | ||
| 008 | 250528s ||||||||||||||||||||||||d | ||
| 035 | _a16286 | ||
| 020 | _a130517224 | ||
| 040 |
_aGR-AtMCL _bgre _dGR-AtMCL _eAACR2 |
||
| 245 | 1 | _aAuditing Principles / A Systems Based Approach: Fifth Edition | |
| 260 |
_bPrentice Hall Inc, _c1982 |
||
| 300 | _a686 | ||
| 505 | 0 | _aPreface, About Audits and Auditors, The Auditng Profession and Its Code of Professional Ethics and Other Self-Regulation, Auditors' Legal Responsibilities and Other Externally Imposed Requirements, Intraorganizational Auditing, Elements of the Audit Process, The System Based Audit, Sample Selection and Evaluation - Judgmental/ Statistical, Audits of Automated Data Processing Systems, Revenues and Receivables, Purchases and Expenses and Accounts Payable, Cost of Sales and Inventories, Cash: Receipts and Disbursements and Balances, Payroll Cost and Liabilities, Depreciation and Plant Assets, Miscellaneous Expenses and Losses and Revenues and Assets and Liabilities, Long-Term Debt and Owners' Equity, Capping the Audit Field Work, Audit Reporting Standards, Tax and Management Advisory and Other Public Accounting Services, Index. | |
| 520 | _aPreface, About Audits and Auditors, The Auditng Profession and Its Code of Professional Ethics and Other Self-Regulation, Auditors' Legal Responsibilities and Other Externally Imposed Requirements, Intraorganizational Auditing, Elements of the Audit Process, The System Based Audit, Sample Selection and Evaluation - Judgmental/ Statistical, Audits of Automated Data Processing Systems, Revenues and Receivables, Purchases and Expenses and Accounts Payable, Cost of Sales and Inventories, Cash: Receipts and Disbursements and Balances, Payroll Cost and Liabilities, Depreciation and Plant Assets, Miscellaneous Expenses and Losses and Revenues and Assets and Liabilities, Long-Term Debt and Owners' Equity, Capping the Audit Field Work, Audit Reporting Standards, Tax and Management Advisory and Other Public Accounting Services, Index. | ||
| 700 | 1 |
_aStettler Howard F _92368 |
|
| 942 | _cBK | ||
| 999 |
_c1803 _d1803 |
||